Households Expectations and Investing in Safe and Risky Financial Assets
Skúmanie ako štyri typy očakávaní domácností ovplyvňujú rozhodnutia finančného portfólia domácností v troch najväčších krajinách eurozóny: Nemecku, Francúzsku a Taliansku. Dynamicka reakcia akcií bezpečných a rizikových (akcie a akciové fondy) finančných aktív vo vzťahu k celkovej hodnote finančných...
Saved in:
| Main Author: | |
|---|---|
| Format: | Book Chapter |
| Language: | English |
| Subjects: | |
| Tags: |
No Tags, Be the first to tag this record!
|
MARC
| LEADER | 00000naa a2200000 4500 | ||
|---|---|---|---|
| 001 | 0272147 | ||
| 005 | 20210222170020.6 | ||
| 041 | 0 | |a eng | |
| 044 | |a CZ | ||
| 245 | 1 | 0 | |a Households Expectations and Investing in Safe and Risky Financial Assets |c Silvo Dajcman |
| 520 | |a Skúmanie ako štyri typy očakávaní domácností ovplyvňujú rozhodnutia finančného portfólia domácností v troch najväčších krajinách eurozóny: Nemecku, Francúzsku a Taliansku. Dynamicka reakcia akcií bezpečných a rizikových (akcie a akciové fondy) finančných aktív vo vzťahu k celkovej hodnote finančných aktív držaných sektorom domácností na otrasy očakávaní. Očakávania sú dôležitým determinantom pri rozhodovaní o finančnom portfóliu domácností. V reakcii na lepšie očakávania domácnosti zvyšujú podiel rizikových aktív a znižujú podiel bezpečných aktív. Rozdiely špecifické pre jednotlivé krajiny a typy očakávaní. | ||
| 610 | 2 | 0 | |a domácnosti |
| 610 | 2 | 0 | |a investovanie |
| 610 | 2 | 0 | |a portfólio |
| 610 | 2 | 0 | |a aktíva finančné |
| 610 | 2 | 0 | |a riziko investičné |
| 100 | 1 | |a Dajcman, Silvo | |